<A> socio-technical view on supply-chain management problems
Proces plánovania v súčasných dodávateľských reťazcoch. Skutočné príklady z leteckého a automobilového priemyslu. Francúzsky letecký priemysel. Príklady z nemeckého a slovenského automobilového priemyslu. Koordinácia plánovania ako socio-technický proces.
Saved in:
| Main Author: | |
|---|---|
| Other Authors: | , , , |
| Format: | Book Chapter |
| Language: | English |
| Subjects: | |
| Tags: |
No Tags, Be the first to tag this record!
|
MARC
| LEADER | 00000naa$a2200000$$$4500 | ||
|---|---|---|---|
| 001 | 0079615 | ||
| 005 | 20240613140648.4 | ||
| 041 | 0 | |a eng | |
| 044 | |a PL | ||
| 245 | 1 | 0 | |a <A> socio-technical view on supply-chain management problems |c Bernard Grabot, Štefan Marsina, Anne Mayere, Ralph Riedel, Peter Williams |
| 520 | |a Proces plánovania v súčasných dodávateľských reťazcoch. Skutočné príklady z leteckého a automobilového priemyslu. Francúzsky letecký priemysel. Príklady z nemeckého a slovenského automobilového priemyslu. Koordinácia plánovania ako socio-technický proces. | ||
| 610 | 2 | 0 | |a reťazce dodávateľsko-odberateľské |
| 610 | 2 | 0 | |a plánovanie |
| 610 | 2 | 0 | |a riadenie |
| 610 | 2 | 0 | |a priemysel letecký |
| 610 | 2 | 0 | |a priemysel automobilový |
| 610 | 2 | 0 | |a koordinácia |
| 610 | 2 | 0 | |a Francúzsko |
| 610 | 2 | 0 | |a Nemecko |
| 610 | 2 | 0 | |a Slovensko |
| 100 | 1 | |a Grabot, Bernard | |
| 700 | 1 | |a Marsina, Štefan | |
| 700 | 1 | |a Mayere, Anne | |
| 700 | 1 | |a Riedel, Ralph | |
| 700 | 1 | |a Williams, Peter | |